1011 1197 1211 1515 1566 1657 1089 1953 1983 1046 1260 1731 1005 1905 1819 1218 1461 1205 1597 1872 1178 1180 1442 1835 1888 1386 1574 1133 1444 1606 1272 1093 1239 1405 1018 1999 1806 1465 1312 1674 1181 1347 1176 1335 1520 1883 1766 1524 1275 1841 1206 1491 1018 1260 1256 1530 1994 1193 1358 1790 1470 1670 1649 1240 1123 1218 1921 1341 1666 1268 1536 1359 1675 1700 1081 1912 1162 1788 1776 1735 1109 1229 1663 1969 1172 1249 1034 1238 1161 1744 1428 1795 1236 1400 1610 1912 1088 1749 1711 BCNSPRNW ULIB Ver.6.0+V

เปลี่ยนเป็นภาษาไทย

Change to English
 แสดงรายละเอียดบรรณานุกรม
  กลับหน้าหลัก

Brief Record : Get Marc (ISO 2709) : E-mail record : QR code < ปิดหน้าต่าง
LEADER : 00000nam 2200000uu 4500
001    13399113973
003     ULIB
008    120119s2554||||th 000 0 tha d
020    ^a9786167460154
060 04 ^aWB537^bส869ช 2554
245 00 ^aชะลอวัยด้วยการบริหาร /^cสุวรรณ ตั้งจิตรเจริญ
250    ^aพิมพ์ครั้งที่ 1
260    ^aกรุงเทพฯ :^bบีเวลล์,^c2554
300    ^a160 หน้า :^bภาพประกอบ ;^c21 ซม
650  4 ^aการนวด
650  4 ^aการรักษาด้วยธรรมชาติ
650  4 ^a กายบริหาร
945    ^p140^l0^i18672
995    ^aกัณชพร
999    ^aใช้งานได้ทุกระบบ
รายการนี้ยังไม่มีแท็ก
คุณยังไม่ได้ล็อกอิน คุณสามารถมีกิจกรรมร่วมกับเว็บไซต์ได้ แต่ต้องล็อกอินก่อน ::
  ล็อกอิน

รายการสื่อสารสนเทศ

ลำดับที่ ประเภท เลขเรียก/บาร์โค้ด สถานที่ สถานะ
1. วิทยาศาสตร์การแพทย์ และสุขภาพ
วิทยาศาสตร์การแพทย์ และสุขภาพ
สถานะ=หนังสือเก่า
WB537 ส869ช 2554  
  Barcode: 18672
ห้องสมุดวิทยาเขตนครสวรรค์
►ส่วนจัดเก็บหนังสือเก่า นว.
บนชั้น
  ขอยืม

รายการใกล้เคียง
    หัวเรื่อง [การนวด]
    หัวเรื่อง [การรักษาด้วยธรรมชาติ]
    หัวเรื่อง [กายบริหาร]

BibComment


ยังไม่เคยถูกคอมเมนท์

คอมเมนท์ทรัพยากรรายการนี้
  คอมเมนท์: ชะลอวัยด้วยการบร..


 Copyright 2026. Bcnsprnw @Library